Index d'analyse et de geometrie

Saved in:
Bibliographic Details
Main Author: Bouligand, Georges, 1889-1979
Format: Book
Language:French
Published: Paris : Librairie Vuibert, 1940
Subjects:
Tags: Add Tag
No Tags, Be the first to tag this record!

MARC

LEADER 00000cam a2200000 i 4500
001 1/4510
008 100216s1940 fre d
035 |l 10106802 
040 |a GR-MY-UA  |b gre  |e aacr 
041 0 |a fre 
082 0 |a 510  |2 (22) 
100 1 |a Bouligand, Georges,   |d 1889-1979. 
245 1 0 |a Index d'analyse et de geometrie /  |c G. Bouligand ; suivi de supplements sur la theorie de l'integrale, sur la spatialisation, sur la transformation de Sophus Lie 
260 |a Paris :   |b Librairie Vuibert,   |c 1940 
300 |a iv, 86 σ.;  |b διαγρ.;  |c 21 εκ. 
650 0 0 |a Mathematics  |x Bibliography. 
650 0 0 |a Integrals, Generalized. 
650 0 0 |a Topology. 
852 |a INST  |b SAMOS  |c MAG  |e 20100216  |h 510 BOU  |p 005300030625  |q 005300030625  |t BK  |y 0 
901 |a BIBL3-2010-1 
909 |a Σ  |b 158206 
970 |a ΣΙΤΖΙΜΗ  |b ΓΙΑΣΕΜΗ  |z 2010/02/16